Australia's State Capitals - Statistics

General Stats
  • This quiz has been taken 40 times
  • The average score is 7 of 8
Answer Stats
State Answer % Correct
WA Perth
97%
VIC Melbourne
94%
NSW Sydney
94%
ACT Canberra
90%
QLD Brisbane
87%
SA Adelaide
84%
TAS Hobart
84%
NT Darwin
81%
No matching quizzes found
Score Distribution
Percent of People with Each Score
Percentile by Number Answered
Your Score History
You have not taken this quiz